Yêu ngôn

Sparad:
Bibliografiska uppgifter
Huvudupphovsman: Nguyễn, Tuân
Materialtyp: Bok
Språk:Undetermined
Publicerad: Hà Nội Hội Nhà Văn 2000
Ämnen:
Taggar: Lägg till en tagg
Inga taggar, Lägg till första taggen!
Thư viện lưu trữ: Trung tâm Học liệu Trường Đại học Cần Thơ
LEADER 00613nam a2200229Ia 4500
001 CTU_38295
008 210402s9999 xx 000 0 und d
020 |b 23.000đ 
020 |c 23000 
082 |a 895.9228 
082 |b T502 
100 |a Nguyễn, Tuân 
245 0 |a Yêu ngôn 
245 0 |c Nguyễn Tuân 
260 |a Hà Nội 
260 |b Hội Nhà Văn 
260 |c 2000 
650 |a Short stories,Vietnamese literature 
650 |y 20th century 
650 |z Vietnamese 
904 |i Minh, Q. Hiếu (sửa) 
980 |a Trung tâm Học liệu Trường Đại học Cần Thơ